Pretty modern (Registro nro. 301598)

Detalles MARC
000 -ENCABEZADO
Número de control [NR] 00912cam a22002294a 4500
005 - FECHA Y HORA DE LA ÚLTIMA TRANSACCIÓN
control field 20151026124752.0
008 - DE LONGITUD FIJA DE DATOS DE ELEMENTOS - INFORMACIÓN GENERAL
Elementos de longitud fija [NR] 151026s2010 xxuao frb 001 0 eng d
020 ## - NUMERO INTERNACIONAL NORMALIZADO PARA LIBROS [R]
Número Internacional Normalizado del libro [NR] 9780822348016
020 ## - NUMERO INTERNACIONAL NORMALIZADO PARA LIBROS [R]
Número Internacional Normalizado del libro [NR] 9780822347859
040 ## - FUENTE DE CATALOGACION [NR]
Agencia de catalogación original [NR] CO-BoUCM
Quien Cataloga Sandra Palacio
Idioma de catalogación [NR] spa
Quien Clasifica Sandra Palacio
041 0# - CODIGO DE IDIOMA [R]
Código de idioma para texto/pista de sonido o título separado [R] Inglés
100 1# - ASIENTO PRINCIPAL--NOMBRE PERSONAL [NR]
Nombre personal [NR] Edmonds, Alexander
Fechas asociadas con el nombre [NR] 1970-
ID Autoridad 72839
245 10 - MENCION DE TITULO [NR]
Título [NR] Pretty modern
Parte restante del título [NR] beauty, sex, and plastic surgery in Brazil
Mención de responsabilidad, etc. [NR] Alexander Edmonds
260 ## - PUBLICACION, DISTRIBUCION, ETC. (PIE DE IMPRENTA) [R]
Lugar de publicación, distribución, etc. [R] Durham (Carolina del Norte, Estados Unidos)
Nombre del editor, distribuidor, etc. [R] Duke University Press
Fecha de publicación, distribución, etc. [R] 2010
300 ## - DESCRIPCION FISICA [R]
Extensión [R] 297 páginas
Otros detalles físicos [NR] ilustraciones, fotografías
650 #7 - ASIENTO SECUNDARIO DE MATERIA - TERMINO TEMATICO [R]
Término temático o nombre geográfico como elemento de entrada [NR] Cirugía plástica
Subdivisión general [R] Aspectos sociales
Subdivisión geográfica [R] Brasil
9 (RLIN) 10928
650 #7 - ASIENTO SECUNDARIO DE MATERIA - TERMINO TEMATICO [R]
Término temático o nombre geográfico como elemento de entrada [NR] Belleza personal
Subdivisión general [R] Aspectos sociales
Subdivisión geográfica [R] Brasil
9 (RLIN) 9989
650 #7 - ASIENTO SECUNDARIO DE MATERIA - TERMINO TEMATICO [R]
Término temático o nombre geográfico como elemento de entrada [NR] Lipoescultura
Subdivisión general [R] Aspectos sociales
Subdivisión geográfica [R] Brasil
9 (RLIN) 18576
690 ## - ASUNTO AGREGADO LOCAL DE ENTRADA - TÉRMINO TEMÁTICO (OCLC, RLIN)
9 (RLIN) 42820
Acceso temático local Folclor
942 ## - ELEMENTOS DE ENTRADA AGREGADOS (KOHA)
Sistema de clasificación DEWEY
Tema principal Arte
Tipo de ítem principal el descrito en 300a Libro
Edición 1
Clasificación 391.60981
Parte restante de la signatura top. E241pr
Existencias
Total préstamos Signatura topográfica Código de barras Última vez visto Ejemplar Costo de reposición Price effective from Tipo de ítem Perdido Sistema de clasificación Dañado No prestable Tipo de ítem específico Suprimido Ubicación habitual Ubicación actual Localización Fecha de creación Proveedor Forma de adquisición Costo
  391.60981 E241pr 100147969 05/12/2025 Ej.1 75745.00 14/10/2015 Libro   DEWEY     Libro   Claustro Claustro 2do piso 14/10/2015 15 Compra 75745.00